01132cam a22003015a 4500001001000000003000400010005001700014008004100031020001800072020001500090040003200105082002100137100003000158245007900188250002400267260005000291300002900341500010900370500002700479500002900506504005300535650004900588651001000637653002200647942000800669999001700677952013600694017558345OSt20160413154730.0150924t2016 enka frbd 001 0 eng d a9781292094793 a1292094796 aUkOxUbengcUkOxUdEG-ScBUE04222a658.404bPIN1 aPinto, Jeffrey K.,93982510aProject management :bachieving competitive advantage /cJeffrey K. Pinto. a4th ed., Global ed. aHarlow :bPearson Education Limited,cc.2016. a562 p. :bill. ;c28 cm. aAuthorized adaptation, for use outside the United States and Canada, from the United States 4th edition. aGlossary : p. 544-553. aPrevious edition : 2012. aIncludes bibliographical references and indexes. 7aProject managementvTextbooks.2BUEsh939826 2BUEsh bBUSADMcApril2016 2ddc c21627d21599 00102ddc40708AlahramaMAINbMAINc1STd2016-04-13ePurchaseg390.00l0o658.404 PINp000032333r2025-07-15 00:00:00v487.50yBB